<?xml version="1.0" encoding="UTF-8"?>
<record
    xmlns:xsi="http://www.w3.org/2001/XMLSchema-instance"
    xsi:schemaLocation="http://www.loc.gov/MARC21/slim http://www.loc.gov/standards/marcxml/schema/MARC21slim.xsd"
    xmlns="http://www.loc.gov/MARC21/slim">

  <leader>00654cam a2200193   4500</leader>
  <datafield tag="999" ind1=" " ind2=" ">
    <subfield code="c">78666</subfield>
    <subfield code="d">78666</subfield>
  </datafield>
  <controlfield tag="005">20171011093040.0</controlfield>
  <controlfield tag="008">171010 1980    mx a                spa  </controlfield>
  <datafield tag="050" ind1="0" ind2="4">
    <subfield code="a">F1219 .75 </subfield>
    <subfield code="b">N49S2 1980</subfield>
  </datafield>
  <datafield tag="100" ind1="1" ind2=" ">
    <subfield code="a">Selva, Salomon de la,</subfield>
    <subfield code="q">Salom&#xF3;n de Jes&#xFA;s Selva,</subfield>
    <subfield code="d">[1893-1959]</subfield>
  </datafield>
  <datafield tag="245" ind1="1" ind2="0">
    <subfield code="a">Acolmixtli Nezahualcoyotl /</subfield>
    <subfield code="c">Salomon de la Selva ; acroasis de Ernesto Mejia S&#xE1;nchez.</subfield>
  </datafield>
  <datafield tag="250" ind1=" " ind2=" ">
    <subfield code="a">Ed. Facsimilar</subfield>
  </datafield>
  <datafield tag="260" ind1=" " ind2=" ">
    <subfield code="a">M&#xE9;xico :</subfield>
    <subfield code="b">Gobierno del Estado de M&#xE9;xico,</subfield>
    <subfield code="c">1980</subfield>
  </datafield>
  <datafield tag="300" ind1=" " ind2=" ">
    <subfield code="a">121 p. :</subfield>
    <subfield code="b">il. ;</subfield>
    <subfield code="c">23 cm.</subfield>
  </datafield>
  <datafield tag="490" ind1=" " ind2="0">
    <subfield code="a">Biblioteca Enciclop&#xE9;dica del Estado de M&#xE9;xico</subfield>
  </datafield>
  <datafield tag="500" ind1=" " ind2=" ">
    <subfield code="a">Edici&#xF3;n facsimilar de la de 1972</subfield>
  </datafield>
  <datafield tag="600" ind1="1" ind2="7">
    <subfield code="2">LEMB</subfield>
    <subfield code="a">Nezahualc&#xF3;yotl,</subfield>
    <subfield code="c">Rey de Texcoco,</subfield>
    <subfield code="d">1402-1472.</subfield>
  </datafield>
  <datafield tag="650" ind1=" " ind2="7">
    <subfield code="2">LEMB</subfield>
    <subfield code="a">Indios de M&#xE9;xico</subfield>
    <subfield code="x">Poes&#xED;a</subfield>
  </datafield>
  <datafield tag="700" ind1="1" ind2=" ">
    <subfield code="a">Mej&#xED;a S&#xE1;nchez, Ernesto, </subfield>
    <subfield code="d">[1923-1985]</subfield>
    <subfield code="e">acroasis</subfield>
  </datafield>
  <datafield tag="942" ind1=" " ind2=" ">
    <subfield code="2">lcc</subfield>
    <subfield code="c">LIB</subfield>
  </datafield>
  <datafield tag="952" ind1=" " ind2=" ">
    <subfield code="1">0</subfield>
    <subfield code="2">lcc</subfield>
    <subfield code="4">0</subfield>
    <subfield code="7">0</subfield>
    <subfield code="a">INV-033</subfield>
    <subfield code="b">INV-033</subfield>
    <subfield code="c">GENERAL</subfield>
    <subfield code="d">2017-05-19</subfield>
    <subfield code="f">1a ed.</subfield>
    <subfield code="i">H</subfield>
    <subfield code="k">CSA</subfield>
    <subfield code="o">F1219 .75 N49S2 1980</subfield>
    <subfield code="p">IIH000003515</subfield>
    <subfield code="r">2017-05-19 00:00:00</subfield>
    <subfield code="t">C:1</subfield>
    <subfield code="y">LIB</subfield>
  </datafield>
</record>
